000 00392nam a2200145Ia 4500
008 230917s9999||||xx |||||||||||||| ||und||
040 _e108995
_aMAIN
041 _aEnglish
082 _a820.9 I6I
100 _aMehrotra, Arvind Krishana
245 3 _aAn illustrated history of India litrature in English
260 _aDelhi
_bPermanent Black
_c2003
300 _axxii,406 p.
942 _cBK
999 _c123938
_d123938